[Event "AUTO-BEG-323"]
[Site "http://www.queenalice.com/game.php?id=607917"]
[Date "2009.6.23"]
[Round "1"]
[White "minhoca_verde"]
[Black "Pl4ymobil"]
[Result "0-1"]
[WhiteElo "1349"]
[BlackElo "1348"]

1. e3 e5 2. c3 Nc6 3. Qf3 Nf6 4. Nh3 b6 5. Ng5 Qe7 6. Na3 h6 7. Ne4 d5 8. Ng3 e4
9. Qf4 Qe5 10. Bb5 Qe6 11. Qxc7 Bd7 12. c4 Bd6 13. Qb7 Rb8 14. Qa6 Nb4 15. Qxa7
Nd3+ 16. Kd1 Nxf2+ 17. Ke1 Nxh1 18. Nxh1 O-O 19. cxd5 Qe7 20. g4 Bxh2 21. Nc4
Rfe8 22. Nxb6 Bxb5 23. Qa5 Qc5 24. Na4 Qxd5 25. d4 Ra8 26. Qc3 Bxa4 27. g5 Qxg5
28. Nf2 Qg1+ 29. Ke2 Bb5+ 30. Kd2 Qxf2+ 31. Kd1 Be2+ 32. Kc2 Bd3+ 33. Kb3 Reb8+
34. Qb4 Qc2# 0-1

[Event "AUTO-BEG-323"]
[Site "http://www.queenalice.com/game.php?id=661155"]
[Date "2009.10.1"]
[Round "2"]
[White "Ozimarjr"]
[Black "Pl4ymobil"]
[Result "0-1"]
[WhiteElo "1376"]
[BlackElo "1404"]

1. d4 d5 2. Nc3 Nf6 3. Bf4 e6 4. Qd3 Bb4 5. Qb5+ Nc6 6. O-O-O a6 7. Qd3 O-O 8.
Qh3 e5 9. dxe5 Bxh3 10. gxh3 Bxc3 11. bxc3 Ne4 12. Nf3 Nxc3 13. Rd3 Nxa2+ 14.
Kb1 Ncb4 15. Rd4 Qe7 16. c3 Nxc3+ 17. Kc1 Qc5 18. e3 Ne2+ 19. Kd1 Nxd4 20. Nxd4
Qc3 21. Ke2 Qc2+ 22. Nxc2 Nxc2 23. Kd2 Nb4 24. Be2 c5 25. Rg1 Kh8 26. Rg5 f6 27.
exf6 gxf6 28. Rh5 Rad8 29. Bh6 Rfe8 30. Rf5 d4 31. exd4 Rxd4+ 32. Ke1 Nd5 33. f3
Re6 34. h4 Rxh4 35. Rxd5 Rxh6 36. Rd8+ Kg7 37. Rd7+ Kg6 38. Rxb7 Rxh2 39. Kd2
Rhxe2+ 40. Kd1 Rf2 41. Rb3 c4 42. Rc3 Rb6 43. Ke1 Ra2 44. Rc1 h5 45. f4 h4 46.
Rd1 c3 47. Rd5 Rb1+ 48. Rd1 c2 49. f5+ Kxf5 50. Rxb1 cxb1=R# 0-1

[Event "AUTO-BEG-323"]
[Site "http://www.queenalice.com/game.php?id=661156"]
[Date "2009.10.1"]
[Round "2"]
[White "Pl4ymobil"]
[Black "Ozimarjr"]
[Result "1-0"]
[WhiteElo "1419"]
[BlackElo "1361"]

1. e4 e5 2. Nc3 Nc6 3. d4 exd4 4. Nb5 a6 5. Nxd4 Nxd4 6. Qxd4 c5 7. Qe5+ Ne7 8.
Bc4 Qa5+ 9. Bd2 Qb6 10. O-O-O f6 11. Qc3 Nf5 12. exf5 Bd6 13. Re1+ Kd8 14. Nf3
Re8 15. Rxe8+ Kxe8 16. Re1+ Kd8 17. Bf7 Kc7 18. Kb1 Qc6 19. Qc4 a5 20. Bf4 b5
21. Bxd6+ Qxd6 22. Qxb5 Qb6 23. Qxb6+ Kxb6 24. Bd5 Bb7 25. Bxb7 Kxb7 26. Re7 Rd8
27. Rxg7 c4 28. Rxh7 Rg8 29. Rxd7+ Kc8 30. Ra7 Rxg2 31. a3 Rxf2 32. Nd4 Rf1+ 33.
Ka2 Kb8 34. Rf7 c3 35. bxc3 Rh1 36. Rxf6 Rxh2 37. Nc6+ Kb7 38. Nxa5+ Ka7 39. Kb3
Rh7 40. Nc6+ Kb7 41. Ne5 Kb8 42. Rf7 Rh1 43. Kb2 Re1 44. Re7 Kc8 45. f6 Rf1 46.
f7 Kd8 47. Ng6 Rf6 48. f8=Q+ Rxf8 49. Nxf8 Kxe7 50. Ng6+ Kf7 51. Ne5+ Ke6 52.
Ng4 Kd5 53. Kb3 Ke4 54. a4 Kf4 55. Nh6 Ke5 56. c4 Kd6 57. Kb4 Kc6 58. c5 Kc7 59.
Kb5 Kc8 60. a5 Kb7 61. a6+ Ka8 62. Kb6 Kb8 63. Ng4 Ka8 64. Ne3 Kb8 65. Nd5 Ka8
66. Nc7+ Kb8 67. a7+ Kc8 68. a8=Q+ Kd7 69. Qe8# 1-0

[Event "AUTO-BEG-323"]
[Site "http://www.queenalice.com/game.php?id=681048"]
[Date "2009.11.11"]
[Round "3"]
[White "Pl4ymobil"]
[Black "alois"]
[Result "1-0"]
[WhiteElo "1433"]
[BlackElo "1484"]

1. e4 e5 2. Nf3 Nc6 3. d4 exd4 4. Nxd4 Bc5 5. c3 Nf6 6. Bg5 Be7 7. Bc4 Nxe4 8.
Nxc6 bxc6 9. Qf3 Nxg5 10. Qf4 d5 11. Bd3 O-O 12. O-O Bd6 13. Qe3 Re8 14. Qd4 Qd7
15. Qh4 h6 16. Nd2 Be7 17. Rae1 Nf3+ 18. Nxf3 Bxh4 19. Nxh4 Qg4 20. Rxe8# 1-0

[Event "AUTO-BEG-323"]
[Site "http://www.queenalice.com/game.php?id=681049"]
[Date "2009.11.11"]
[Round "3"]
[White "alois"]
[Black "Pl4ymobil"]
[Result "0-1"]
[WhiteElo "1449"]
[BlackElo "1451"]

1. e4 e5 2. Nf3 Nc6 3. Be2 h6 4. d3 Bb4+ 5. Bd2 d6 6. O-O Nf6 7. Qe1 Bxd2 8.
Qxd2 Bg4 9. Nc3 a6 10. Nd5 Nxd5 11. exd5 Ne7 12. c4 Nf5 13. Nxe5 Bxe2 14. Qxe2
dxe5 15. Qxe5+ Ne7 16. Qxg7 Kd7 17. Qxf7 Qg8 18. Qf3 Qg7 19. b3 Rhf8 20. Qe3 Rf7
21. Rae1 Re8 22. Qa7 Nc8 23. Qxb7 Rxe1 24. Rxe1 Re7 25. Rxe7+ Nxe7 26. Qxa6 Qa1#
0-1

[Event "AUTO-INT-3668"]
[Site "http://www.queenalice.com/game.php?id=1758864"]
[Date "2021.5.7"]
[Round "1"]
[White "Pl4ymobil"]
[Black "profeta"]
[Result "1-0"]
[WhiteElo "1495"]
[BlackElo "1427"]

1. e4 d5 2. exd5 Qxd5 3. Nc3 Qd8 4. d3 e5 5. Nf3 Nc6 6. Be2 Nf6 7. O-O Bg4 8. h3
Bxf3 9. Bxf3 Na5 10. a3 c6 11. Bg5 h6 12. Bxf6 Qxf6 13. Qd2 O-O-O 14. Nd5 cxd5
15. Qxa5 Qb6 16. Qxb6 axb6 17. Bg4+ Kb8 18. a4 g6 19. Rfe1 e4 20. dxe4 dxe4 21.
Rxe4 Bg7 22. Rb4 Rd2 23. c3 h5 24. Bf3 Rd6 25. a5 Ka7 26. axb6+ Kb8 27. c4 Rhd8
28. c5 Re6 29. c6 bxc6 30. b7 c5 31. Ra8+ Kc7 32. Rxd8 Kxd8 33. b8=Q+ Ke7 34.
Rb7+ Kf6 35. Qf4# 1-0

[Event "AUTO-INT-3668"]
[Site "http://www.queenalice.com/game.php?id=1758865"]
[Date "2021.5.7"]
[Round "1"]
[White "profeta"]
[Black "Pl4ymobil"]
[Result "0-1"]
[WhiteElo "1427"]
[BlackElo "1481"]

1. d4 d5 2. Nf3 e6 3. Nc3 Nf6 4. Bg5 Bd6 5. e3 O-O 6. Nb5 a6 7. Nxd6 cxd6 8. c3
h6 9. Bxf6 Qxf6 10. h3 Bd7 11. g4 Bb5 12. Bxb5 axb5 13. a3 Nc6 14. b4 Ne7 15. h4
Nc8 16. Qd3 Nb6 17. Qxb5 Nc4 18. Qxb7 Qxf3 19. Rh2 Nxe3 20. fxe3 Qxe3+ 21. Kd1
Qg1+ 22. Kc2 Qxa1 23. Rd2 Qa2+ 24. Kd1 Qc4 25. Kc2 Rxa3 26. Rd3 Ra2+ 27. Kc1
Qxd3 28. c4 Qc2# 0-1

[Event "AUTO-INT-3668"]
[Site "http://www.queenalice.com/game.php?id=1758866"]
[Date "2021.5.7"]
[Round "1"]
[White "Pl4ymobil"]
[Black "brumbaz"]
[Result "1-0"]
[WhiteElo "1532"]
[BlackElo "1666"]

1. e4 e5 2. Nf3 Nc6 3. d4 exd4 4. Nxd4 Nxd4 5. Qxd4 d6 6. Nc3 Nf6 7. Be2 c5 8.
Qa4+ Bd7 9. Qc4 Qb6 10. Bg5 Qxb2 11. O-O d5 12. exd5 Qxc2 13. Bxf6 gxf6 14. Qe4+
Qxe4 15. Nxe4 Be7 16. d6 f5 17. Nxc5 Bxd6 18. Nxd7 Kxd7 19. Bb5+ Kc7 20. Rac1+
Kd8 21. Rfd1 Ke7 22. Rc3 Rad8 23. g3 Be5 24. Re1 Kf6 25. Rce3 Rd5 26. Bc4 Rc5
27. Bb3 b5 28. Rd3 Kg5 29. f4+ Kg4 30. fxe5 Rc7 31. Rd4+ f4 32. Rxf4+ 1-0

[Event "AUTO-INT-3668"]
[Site "http://www.queenalice.com/game.php?id=1758867"]
[Date "2021.5.7"]
[Round "1"]
[White "brumbaz"]
[Black "Pl4ymobil"]
[Result "0-1"]
[WhiteElo "1717"]
[BlackElo "1508"]

1. e4 e5 2. Bc4 Nf6 3. d3 d5 4. exd5 Nxd5 5. Nf3 h6 6. O-O Nc6 7. Nc3 Nxc3 8.
bxc3 Bd6 9. Bd5 O-O 10. d4 Ne7 11. c4 Nxd5 12. cxd5 e4 13. Ne5 Bf5 14. Qh5 Qf6
15. Bf4 Bxe5 16. dxe5 Qg6 17. Qh4 Qg4 18. Qe7 Qxf4 19. Qa3 Qxe5 20. f4 exf3 21.
Rxf3 Qxa1+ 22. Rf1 Qd4+ 23. Rf2 Bxc2 24. Qf3 Qd1+ 25. Qxd1 Bxd1 26. Rf4 Rad8 0-1

[Event "AUTO-INT-3668"]
[Site "http://www.queenalice.com/game.php?id=1758868"]
[Date "2021.5.7"]
[Round "1"]
[White "Pl4ymobil"]
[Black "Dinda54"]
[Result "0-1"]
[WhiteElo "1542"]
[BlackElo "1726"]

1. e4 e5 2. Nf3 a6 3. d4 exd4 4. Nxd4 Nf6 5. Bg5 Be7 6. Bd3 h6 7. Bxf6 Bxf6 8.
c3 O-O 9. O-O c5 10. Nf5 d6 11. Nd2 Bg5 12. Nf3 g6 13. Nxg5 Qxg5 14. Nxd6 Bh3
15. Qf3 Be6 16. Rfe1 Nd7 17. Bc4 Ne5 18. Qe3 Qxe3 19. fxe3 Bxc4 20. Nxc4 Nxc4
21. b3 Nd2 22. e5 Ne4 23. c4 Rae8 24. Rad1 Rxe5 25. Rd7 Rb8 26. Rf1 Nf6 27. Rxf6
Rxe3 28. Kf2 Rbe8 29. Rd2 Kg7 30. Rb6 R8e5 31. Rxb7 R3e4 32. g3 Rf5+ 33. Kg2 h5
34. h4 Rg4 35. Rb6 g5 36. hxg5 Rfxg5 37. Rd5 Rxg3+ 38. Kf2 Rg2+ 39. Kf3 R5g3+
40. Kf4 h4 41. Rd1 Rf2+ 42. Ke4 Re2+ 43. Kf4 Rf2+ 44. Ke4 Re2+ 45. Kf4 Rf2+ 46.
Ke4 h3 47. Rh1 h2 48. Rxh2 Rxh2 49. Kf4 Rg6 50. Rb7 Rxa2 51. Ke4 Re6+ 52. Kd5
Ra5 53. b4 cxb4+ 54. c5 Rb5 55. Ra7 b3 56. Kc4 b2 57. Rxa6 b1=Q 58. Rxe6 Qb3+
59. Kd4 Qxe6 0-1

[Event "AUTO-INT-3668"]
[Site "http://www.queenalice.com/game.php?id=1758869"]
[Date "2021.5.7"]
[Round "1"]
[White "Dinda54"]
[Black "Pl4ymobil"]
[Result "1-0"]
[WhiteElo "1686"]
[BlackElo "1553"]

1. e4 e5 2. d4 exd4 3. Qxd4 Nc6 4. Qd5 Nf6 5. Qc4 d5 6. exd5 Nxd5 7. Qe4+ Be6 8.
a3 Nf6 9. Qa4 Bc5 10. Qf4 Bd6 11. Qf3 O-O 12. h3 Qe7 13. Be3 Ne5 14. Qd1 Rad8
15. Nd2 Bc5 16. Bf4 Nc4 17. Ngf3 Nxd2 18. Bxd2 Bf5+ 19. Be2 Ne4 20. O-O Nxd2 21.
Nxd2 Qg5 22. Nf3 Rxd1 23. Nxg5 Rxa1 24. Rxa1 b6 25. g4 Bxc2 26. b4 Bd4 27. Rc1
Ba4 28. Rxc7 h6 29. Nf3 Bb2 30. Rxa7 b5 31. Rb7 Re8 32. Bxb5 Bxb5 33. Rxb5 Bxa3
34. Kg2 f6 35. Nh4 Kf7 36. Nf5 Re1 37. Rb7+ Kg6 38. Rxg7# 1-0